| 000 | 00912nam a2200229 i 4500 | ||
|---|---|---|---|
| 001 | 163217 | ||
| 003 | ES-MaACL | ||
| 005 | 20250904063104.0 | ||
| 008 | 950421s1885 fr |||| | fre d | ||
| 040 |
_aEUS _bspa _cEUS |
||
| 100 | 1 |
_9242211 _aReinach, Salomon, _d1858-1932 _eaut |
|
| 110 | 1 |
_a _9242209 |
|
| 245 | 1 | 0 |
_aTraité d'épigraphie grecque / _cpar Salomon Reinach ; précédé d'un Essai sur les inscriptions grecques par C.T. Newton ; traduit avec l'autorisation de l'auteur, augmenté de notes et de textes épigraphiques choisis. |
| 260 |
_aParis : _bErnest Leroux, _c1885 ( _eAngers : _fImprimerie Burdin et C\pie\s) |
||
| 300 |
_aXLIV, 560, 12 p. ; _c25 cm. |
||
| 594 | _aTextos epigráficos en griego. | ||
| 650 | 4 |
_aEpigrafía griega. _9158124 |
|
| 700 | 1 |
_aNewton, Charles Thomas. _9130454 |
|
| 852 |
_aES-MaACL _jF-1248 _z-- Rust. |
||
| 942 | _2udc | ||
| 999 |
_c163217 _d163217 |
||